Responses for show #5154 - Thursday, January 25, 2007

Contestants

[<< previous game]

Kazim Ali, a poet and college professor from the Bronx, New York

Allisson Seiler, a Ph.D. student and mother of twins from Bloomington, Indiana

Su Kim, an accountant from Elgin, Illinois (whose 1-day cash winnings total $17,700)

[next game >>]

Jeopardy! Round responses

1967
FOOTBALL
MATT-ICULOUS
"C" IN BIOLOGY
OFFICIAL STATE SEALS
DIVIDED BY A COMMON LANGUAGE
(Alex: These are Britishisms.)
    $200 15
Rolling Stone

Su
    $200 12
center

Su
    $200 11
Mathew Brady

Allisson
    $200 6
cranium

Su
    $200 22
buffalo

Allisson
    $200 1
darts

Su
    $400 27
heart transplant

Su
    $400 18
zone

Su
    $400 13
(Kazim: What is Life?)
(Allisson: What is The Boston Globe?)

Time

SuAllissonKazim
    $400 7
chlorophyll

Su
    $400 23
Maryland

Kazim
    $400 2
zebra

Su
    $600 28
(Su: Who is Bolivar? [Breaks out laughing] Sorry!)

Che Guevara

SuKazim
    $600 19
(Su: What is air time?)

hang time

SuAllisson
    $600 14
(Kazim: Who is, um...)
(Alex: Ohhh... you're drawing a...)
(Kazim: Who is [*]?)
(Alex: Oh, yes! And you got it in just in the nick of time.)

(Gen. Douglas) MacArthur

Kazim
    $600 8
cells

Allisson
    $600 24
Idaho

Triple Stumper
    $600 3
sweater

Su
    $800 29
Greece

Allisson
    $800 20
(Allisson: What is Philadelphia?)

Miami Dolphins

Allisson
Triple Stumper
    $800 16
(Kazim: Who is Matthew Shepherd?)

Matthew Henson

Kazim
Triple Stumper
    $800 9
cortex

Su
    $1,000 25
Alaska

Kazim
    $800 4
(Kazim: What is bacon?)

sausages

AllissonKazim
    $1000 21
Dan Fouts and Dan Dierdorf

Triple Stumper
    $1000 17
Poughkeepsie

Su
    $1000 10
cochlea

Su
    $1000 26
(Su: What is New York?)

Oklahoma

Su
Triple Stumper
    $1000 5
bangs

Su

Scores at the first commercial break (after clue 15):

Su Allisson Kazim
$5,400 $1,200 -$600

Scores at the end of the Jeopardy! Round:

Su Allisson Kazim
$5,000 $2,000 $600

Double Jeopardy! Round responses

SOUTH AMERICAN LITERATURE
RUSSIAN CINEMA
LET'S EAT CHINESE
A VISIT TO DENMARK
THE ARABIAN HORSE
IT'S A "SMALL" WORLD
    $400 1
Gabriel García Márquez

Su
    $400 10
chess

Allisson
    $400 8
bird's nest

Su
    $400 19
Solomon

Allisson
    $400 2
smallmouth

Allisson
    $800 5
Isabel Allende

Su
    $800 11
New Year's Eve

Allisson
    $800 9
spring roll

Allisson
    $800 22
Bedu

Allisson
    $800 3
small intestine

Allisson
    $1200 16
Pablo Neruda

Kazim
    $1200 12
St. Petersburg

Su
    $1200 13
Peking duck

Su
    $1200 25
Muhammad cartoons

Su
    $3,400 23
(Allisson: What is the quarter horse?)

thoroughbreds

Allisson
    $1200 4
Small Business Administration

Kazim
    $1600 17
Jorge Luis Borges

Kazim
    $1600 20
Sergei Eisenstein

Su
    $1600 14
kung pao

Su
    $1600 27
NATO

Kazim
    $1600 24
shield

Allisson
    $1600 6
Stewart Smalley

Kazim
    $2000 18
Rita Hayworth

Triple Stumper
    $2000 21
Tears

Triple Stumper
    $2000 15
moo shoo

Kazim
    $2,000 28
(Kazim: What is Greenland?)

Iceland

Kazim
    $2000 26
(Kazim: What is hand?)
(Su: What are teeth?)

vertebrae

SuKazim
Triple Stumper
    $2000 7
Small craft advisory (warning)

Su

Scores at the end of the Double Jeopardy! Round:

Su Allisson Kazim
$13,400 $4,600 $5,800
(lock game)

[wagering suggestions for these scores]

Final Jeopardy! Round responses

THE MIDDLE AGES
AllissonWhat is the Domesday Report
$4,600
KazimWhat is a census?
$5,000
SuWhat is a census?
$1,600
the Domesday Report

Final scores:

Su Allisson Kazim
$11,800 $9,200 $800
2-day champion: $29,500 2nd place: $2,000 3rd place: $1,000

Game dynamics:

Coryat scores:

Su Allisson Kazim
$13,400 $8,000 $7,600
23 R,
4 W
14 R,
3 W
(including 1 DD)
10 R
(including 1 DD),
5 W
(including 1 DD)

Combined Coryat: $29,000

The J! Archive is created by fans, for fans. The Jeopardy! game show and all elements thereof, including but not limited to copyright and trademark thereto, are the property of Jeopardy Productions, Inc. and are protected under law. This website is not affiliated with, sponsored by, or operated by Jeopardy Productions, Inc. Join the discussion at JBoard.tv.